| 000 | 00883nas a2200313 4500 | ||
|---|---|---|---|
| 001 | BR2012002116 | ||
| 003 | BR-BrBNA | ||
| 005 | 20231205120336.0 | ||
| 007 | ta | ||
| 008 | 230509b bl.|||p| |||| 00| 00por d | ||
| 040 |
_aBR-BrBNA _bpor _cBiblioteca Nacional de Agricultura |
||
| 041 | _a(Pt) | ||
| 072 | _aL73 | ||
| 100 | 1 | _aSilva, M.M.V. | |
| 100 | 1 | _aCrivelenti, L.Z. | |
| 100 | 1 | _aMomo, C. | |
| 100 | 1 | _aHonsho, D.K. | |
| 245 | 1 | _aFibrossarcoma uretral primário em cadela | |
| 650 | _aCÃO | ||
| 650 | _aURETRA | ||
| 650 | _aULTRASSONOGRAFIA | ||
| 650 | _aBIOPSIA | ||
| 650 | _aDIAGNÓSTICO | ||
| 650 | _aNEOPLASIA | ||
| 650 | _aCITOLOGIA | ||
| 773 | 0 |
_tArquivo Brasileiro de Medicina Veterinária e Zootecnia (Brazil) _xISSN 0102-0935 _g(Dec 2011), v. 63(6) p. 1353-1358 _wBR2012002116 |
|
| 909 |
_a202311 _bLúcia _c55 _dLúcia Elande |
||
| 942 |
_2AGRIS _n0 _cANA |
||
| 999 |
_c218034 _d218034 |
||